<?xml version="1.0" encoding="UTF-8"?>
<record
    xmlns:xsi="http://www.w3.org/2001/XMLSchema-instance"
    xsi:schemaLocation="http://www.loc.gov/MARC21/slim http://www.loc.gov/standards/marcxml/schema/MARC21slim.xsd"
    xmlns="http://www.loc.gov/MARC21/slim">

  <leader>01750nam1a22004219i 4500</leader>
  <controlfield tag="001">RU\NLR\b_ik\64108</controlfield>
  <controlfield tag="005">20240725220636.0</controlfield>
  <datafield tag="010" ind1=" " ind2=" ">
    <subfield code="a">3820414665</subfield>
  </datafield>
  <datafield tag="035" ind1=" " ind2=" ">
    <subfield code="a">(NLR Aleph) 002138577</subfield>
  </datafield>
  <datafield tag="090" ind1=" " ind2=" ">
    <subfield code="a">2236831</subfield>
    <subfield code="c">2236831</subfield>
  </datafield>
  <datafield tag="100" ind1=" " ind2=" ">
    <subfield code="a">19950127d1988    |||y1rusy50      ba</subfield>
  </datafield>
  <datafield tag="101" ind1="0" ind2=" ">
    <subfield code="a">rus</subfield>
  </datafield>
  <datafield tag="102" ind1=" " ind2=" ">
    <subfield code="a">RU</subfield>
  </datafield>
  <datafield tag="105" ind1=" " ind2=" ">
    <subfield code="a">|||||||||||||</subfield>
  </datafield>
  <datafield tag="200" ind1="1" ind2=" ">
    <subfield code="a">Literatur, Musik und Gesellschaft in Italien und &#xD6;sterreich in der Epoche Napoleons und der Restauration</subfield>
    <subfield code="e">Studien zu Giuseppe Carpani</subfield>
    <subfield code="f">Helmut C. Jacobs</subfield>
  </datafield>
  <datafield tag="210" ind1=" " ind2=" ">
    <subfield code="a">Frankfurt a.M.</subfield>
    <subfield code="c">Lang</subfield>
    <subfield code="d">cop. 1988</subfield>
  </datafield>
  <datafield tag="215" ind1=" " ind2=" ">
    <subfield code="d">21</subfield>
  </datafield>
  <datafield tag="225" ind1="1" ind2=" ">
    <subfield code="a">Bonner romanistische Arb.</subfield>
    <subfield code="x">0170-821X</subfield>
    <subfield code="v">Bd. 28</subfield>
  </datafield>
  <datafield tag="320" ind1=" " ind2=" ">
    <subfield code="a">&#x411;&#x438;&#x431;&#x43B;&#x438;&#x43E;&#x433;&#x440;. &#x432; &#x43F;&#x43E;&#x434;&#x441;&#x442;&#x440;&#x43E;&#x447;. &#x43F;&#x440;&#x438;&#x43C;&#x435;&#x447;</subfield>
  </datafield>
  <datafield tag="463" ind1=" " ind2="0">
    <subfield code="1">2000#$aT. 1</subfield>
    <subfield code="1">215##$a440 c.$c&#x438;&#x43B;., &#x43F;&#x43E;&#x440;&#x442;&#x440;., &#x43D;&#x43E;&#x442;</subfield>
    <subfield code="t">T. 1</subfield>
  </datafield>
  <datafield tag="463" ind1=" " ind2="0">
    <subfield code="1">2000#$aT. 2</subfield>
    <subfield code="1">215##$a[3], 441-893 c.</subfield>
    <subfield code="t">T. 2</subfield>
  </datafield>
  <datafield tag="541" ind1="0" ind2=" ">
    <subfield code="a">&#x41B;&#x438;&#x442;&#x435;&#x440;&#x430;&#x442;&#x443;&#x440;&#x430;,&#x43C;&#x443;&#x437;&#x44B;&#x43A;&#x430; &#x438; &#x43E;&#x431;&#x449;&#x435;&#x441;&#x442;&#x432;&#x430; &#x432; &#x418;&#x442;&#x430;&#x43B;&#x438;&#x438; &#x438; &#x410;&#x432;&#x441;&#x442;&#x440;&#x438;&#x438; &#x432; &#x44D;&#x43F;&#x43E;&#x445;&#x443; &#x41D;&#x430;&#x43F;&#x43E;&#x43B;&#x435;&#x43E;&#x43D;&#x430; &#x438; &#x420;&#x435;&#x441;&#x442;&#x430;&#x432;&#x440;&#x430;&#x446;&#x438;&#x438; ?&#x418;&#x437;&#x443;&#x447;&#x435;&#x43D;&#x438;&#x435; &#x442;&#x432;&#x43E;&#x440;&#x447;&#x435;&#x441;&#x442;&#x432;&#x430; &#x41A;&#x430;&#x440;&#x43F;&#x430;&#x43D;&#x438;).</subfield>
  </datafield>
  <datafield tag="606" ind1="0" ind2=" ">
    <subfield code="a">&#x41A;&#x430;&#x440;&#x43F;&#x430;&#x43D;&#x438;,&#x414;&#x436;&#x443;&#x437;&#x435;&#x43F;&#x43F;&#x435;,1751-1825</subfield>
    <subfield code="2">nlr-sh1</subfield>
  </datafield>
  <datafield tag="606" ind1="0" ind2=" ">
    <subfield code="a">&#x41C;&#x443;&#x437;&#x44B;&#x43A;&#x430;,&#x438;&#x442;&#x430;&#x43B;&#x44C;&#x44F;&#x43D;&#x441;&#x43A;&#x430;&#x44F;,19&#x432;.</subfield>
    <subfield code="2">nlr-sh1</subfield>
  </datafield>
  <datafield tag="606" ind1="0" ind2=" ">
    <subfield code="a">&#x41C;&#x443;&#x437;&#x44B;&#x43A;&#x430;,&#x430;&#x432;&#x441;&#x442;&#x440;&#x438;&#x439;&#x441;&#x43A;&#x430;&#x44F;,19&#x432;.</subfield>
    <subfield code="2">nlr-sh1</subfield>
  </datafield>
  <datafield tag="686" ind1="0" ind2=" ">
    <subfield code="a">&#x428;5(4&#x418;&#x442;)52-4&#x41A;&#x430;&#x440;&#x43F;&#x430;&#x43D;&#x438;</subfield>
    <subfield code="2">rubbk</subfield>
  </datafield>
  <datafield tag="686" ind1="0" ind2=" ">
    <subfield code="a">&#x429;313(4&#x418;&#x442;)5</subfield>
    <subfield code="2">rubbk</subfield>
  </datafield>
  <datafield tag="686" ind1="0" ind2=" ">
    <subfield code="a">&#x429;313(4&#x410;)5</subfield>
    <subfield code="2">rubbk</subfield>
  </datafield>
  <datafield tag="700" ind1=" " ind2="1">
    <subfield code="a">Jacobs</subfield>
    <subfield code="b">Helmut C</subfield>
    <subfield code="4">070</subfield>
  </datafield>
  <datafield tag="702" ind1=" " ind2="1">
    <subfield code="a">Carpani</subfield>
    <subfield code="b">Giuseppe</subfield>
  </datafield>
  <datafield tag="801" ind1=" " ind2="0">
    <subfield code="a">RU</subfield>
    <subfield code="b">NLR</subfield>
    <subfield code="c">19950127</subfield>
    <subfield code="g">PSBO</subfield>
  </datafield>
  <datafield tag="801" ind1=" " ind2="1">
    <subfield code="a">RU</subfield>
    <subfield code="b">NLR</subfield>
    <subfield code="c">20011025</subfield>
  </datafield>
  <datafield tag="852" ind1=" " ind2=" ">
    <subfield code="a">NLR</subfield>
    <subfield code="j">&#x41B;51 &#x414;-3/5980</subfield>
  </datafield>
  <datafield tag="942" ind1=" " ind2=" ">
    <subfield code="c">BOOK</subfield>
  </datafield>
</record>
